000 00473nam a2200181Ia 4500
005 20251020182607.0
008 200515s9999 xx 000 0 und d
082 _aSC/377.40.1/A37
100 _aALEXIM, Joao Carlos
245 0 _aGlosario comparativo de la formación profesional (versión preliminar)
260 _aMontevideo
260 _c1993
300 _a128
650 _aFORMACION PROFESIONAL
650 _aGLOSARIOS
650 _aPUB CINTERFOR
942 _cLIB
999 _c3215
_d3215